AFK Arena Heroes - Statistics

General Stats
  • This quiz has been taken 28 times
  • The average score is 29 of 74
Answer Stats
Hero Card Monicker Hero Name % Correct
The Blood Claw Brutus
88%
Lightbringer Lucius
88%
The Roamer Rowan
88%
Beam of Hope Belinda
82%
The Kind Rosaline
82%
The Rising Phoenix Talene
82%
Harbinger of Justice Athalia
76%
Hellborn Ezizh
65%
The Frozen Terror Khazard
65%
The Monkey King Wu Kong
65%
Desert Fury Antandra
59%
Knight of Valor Estrilda
59%
The Corrupted Grezhul
59%
The Unruly Khasos
59%
Abysmal Butcher Mezoth
59%
Corpsemaker Shemira
59%
Dreamhopper Tasi
59%
Stormsword Eironn
53%
Celestial Twins Elijah and Lailah
53%
Keeper of Glades Lyca
53%
Mind Cager Mehira
53%
Nature's Heart Nemora
53%
The All Seer Numisu
53%
Brewmaster Rigby
53%
Daughter of the Desert Safiya
53%
Flame Weaver Satrana
53%
The Exalted Thane
53%
Voidbinder Zolrath
53%
Purger of Sins Cecilia
47%
Death's Defeat Fawkes
47%
Doomwhisper Ferael
47%
The Fair Maiden Gwyneth
47%
The Defender Hendrik
47%
The Seer of Origins Orthros
47%
Death's Denier Raine
47%
The Cunning Skreg
47%
The Fallen King Thoran
47%
Aldermarrow Ulmus
47%
The Devious Vurk
47%
Knight of the Kingdom Hogan
41%
The Taken Soul Isabella
41%
Hand of the Wood Kaz
41%
The Burning Light Mirael
35%
The Floral Wonder Solise
35%
The Untamed Warek
35%
Nature's Voice Arden
29%
Bitterlight Oden
29%
Shadowmane Tidus
29%
Pendragon Arthur
24%
The Forgotten Champion Izold
24%
The Whispering Doom Niru
24%
Savior of the Sea Seirus
24%
The Demise Vedan
24%
Rogue of the Forest Ira
18%
Wind Whisperer Lorsan
18%
Heartcarver Nara
18%
Nature's Strength Ogi
18%
Strongheart Saveas
18%
The Abomination Baden
12%
The Bladestorm Golus
12%
The Indomitable Gorvo
12%
Plaguegrip Kelthur
12%
The Far Stalker Morvus
12%
Song of Dawn Angelo
6%
Deceptive Beauty Ankhira
6%
The Wise One Skriath
6%
Common Heroes Arkadios
0%
Common Heroes Bloodsnarl
0%
Common Heroes Dreaf
0%
Common Heroes Eletha
0%
Common Heroes Sezis
0%
The Taken Breath Silvana
0%
Common Heroes Steixius
0%
Common Heroes Ulric
0%
No matching quizzes found
Score Distribution
Percent of People with Each Score
Percentile by Number Answered
Your Score History
You have not taken this quiz